000 00329nam a22001217a 4500
005 20230722103526.0
008 230722b ||||| |||| 00| 0 eng d
040 _cAL
041 _aeng
245 _aStudy on psychological adjustment and social of the released prisioners at half-way homes
260 _c2003
942 _2ddc
_cBK
999 _c228074
_d228074